Un desaparecido (Record no. 1659)

MARC details
000 -LEADER
campo de control de longitud fija 00528nam a2200145 4500
008 - DATOS DE LONGITUD FIJA--INFORMACIÓN GENERAL
campo de control de longitud fija 708 B959d
020 ## - NÚMERO INTERNACIONAL ESTÁNDAR DEL LIBRO
Número Internacional Estándar del Libro 9968899100
082 ## - NÚMERO DE LA CLASIFICACIÓN DECIMAL DEWEY
Número de clasificación 708
Número de ítem B959d
100 ## - ENTRADA PRINCIPAL--NOMBRE DE PERSONA
Nombre de persona Burke, Hector
9 (RLIN) 283
245 ## - MENCIÓN DEL TÍTULO
Título Un desaparecido
260 ## - PUBLICACIÓN, DISTRIBUCIÓN, ETC.
Lugar de publicación, distribución, etc. San José, Costa Rica
Nombre del editor, distribuidor, etc. TEOR/éTica
Fecha de publicación, distribución, etc. 2003
300 ## - DESCRIPCIÓN FÍSICA
Extensión 35 p.
Otras características físicas ill (col)
Dimensiones 20,2 x 21.7 cm
505 ## - NOTA DE CONTENIDO CON FORMATO
Título El signo de un "outsider"
Mención de responsabilidad Virginia Pérez-Ratton
Título Soy un auténtico extravagante
Mención de responsabilidad Joaquín Rodríguez del Paso
650 ## - PUNTO DE ACCESO ADICIONAL DE MATERIA--TÉRMINO DE MATERIA
Subdivisión general arte contemporáneo
-- arte - exhibiciones
-- arte - grabado
-- arte - Costa Rica
9 (RLIN) 6767
Holdings
Estatus retirado Estado de pérdida Fuente del sistema de clasificación o colocación Estado de daño No para préstamo Biblioteca de origen Biblioteca actual Ubicación en estantería Fecha de adquisición Total de préstamos Signatura topográfica completa Código de barras Visto por última vez Precio de reemplazo Tipo de ítem Koha
    Clasificación Decimal Dewey     Biblioteca LadoV Biblioteca LadoV   01/11/2018   708 B959d 002062 01/11/2018 01/11/2018 Material 01
    Clasificación Decimal Dewey     Biblioteca LadoV Biblioteca LadoV   01/11/2018   708 B959d 004702 01/11/2018 01/11/2018 Material 01